[Event "Nizhnij Novgorod-ch 60th"]
[Site "Nizhnij Novgorod"]
[Date "2008.05.??"]
[Round "?"]
[White "Smirnova, Anastasia"]
[Black "Krylov, Denis"]
[Result "1/2-1/2"]
[WhiteElo "1964"]
[BlackElo "2010"]
[PlyCount "35"]
[EventDate "2008.03.??"]
[EventType "swiss"]
[EventRounds "9"]
[EventCountry "RUS"]
[SourceTitle "EXT 2010"]
[Source "ChessBase"]
[SourceDate "2010.11.25"]
[SourceVersion "1"]
[SourceVersionDate "2010.11.25"]
[SourceQuality "1"]

1. e4 e5 2. Nf3 Nc6 3. Bb5 a6 4. Ba4 Nf6 5. Bxc6 dxc6 6. d3 Bd6 7. Nbd2 0-0 8. Nc4 Re8 9. 0-0 Bg4 10. Re1 Nd7 11. Ne3 Bh5 12. Nf5 Bg4 13. Ne3 Bh5 14. h3 Bg6 15. Nc4 h6 16. c3 Qf6 17. Be3 c5 18. Qb3 1/2-1/2

[Event "Nizhnij Novgorod-ch 60th"]
[Site "Nizhnij Novgorod"]
[Date "2008.03.??"]
[Round "?"]
[White "Krylov, Denis"]
[Black "Mylnikov, Ivan"]
[Result "1-0"]
[WhiteElo "2010"]
[BlackElo "1948"]
[PlyCount "37"]
[EventDate "2008.03.??"]
[EventType "swiss"]
[EventRounds "9"]
[EventCountry "RUS"]
[SourceTitle "EXT 2010"]
[Source "ChessBase"]
[SourceDate "2010.11.25"]
[SourceVersion "1"]
[SourceVersionDate "2010.11.25"]
[SourceQuality "1"]

1. e4 c5 2. Nf3 Nc6 3. d4 cxd4 4. Nxd4 Nf6 5. Nc3 d6 6. f3 g6 7. Be3 Bg7 8. Qd2 0-0 9. 0-0-0 Bd7 10. h4 Qa5 11. g4 Rfc8 12. Nxc6 Rxc6 13. Bh6 Bh8 14. h5 Rac8 15. hxg6 hxg6 16. Bg5 Nxe4 17. Qh2 Bg7 18. Qh7+ Kf8 19. Bh6 1-0